书目信息 |
| 题名: |
帝国的阴阳两面
|
|
| 作者: | 戴波 著 | |
| 分册: | ||
| 出版信息: | 北京 中国文史出版社 2021 |
|
| 页数: | 242页 | |
| 开本: | 21cm | |
| 丛书名: | 知汉系列 | |
| 单 册: | ||
| 中图分类: | K234.09 | |
| 科图分类: | ||
| 主题词: | 汉代--han dai--古代史--通俗读物 | |
| 电子资源: | ||
| ISBN: | 978-7-5205-2373-8 | |
| 000 | 01143oam2 2200253 450 | |
| 001 | 2153147316 | |
| 005 | 20211018173724.0 | |
| 010 | @a978-7-5205-2373-8@dCNY38.00 | |
| 100 | @a20201231d2021 em y0chiy0120 ea | |
| 101 | 0 | @achi |
| 102 | @aCN@b110000 | |
| 105 | @ay z 000yy | |
| 106 | @ar | |
| 200 | 1 | @a帝国的阴阳两面@Adi guo de yin yang liang mian@f戴波著 |
| 210 | @a北京@c中国文史出版社@d2021 | |
| 215 | @a242页@d21cm | |
| 225 | 2 | @a知汉系列@Azhi han xi lie@v02 |
| 330 | @a本书为《知汉系列》第二册,从刘邦去世讲到武帝即位前,围绕以下几个重点内容一边叙事普及,一边对历史文本中的相关谜团进行释疑。一、孝惠帝是否真的有那么“仁弱”和怠于政事;二、疑云重重的“白马之盟”究竟是真是伪;三、吕后的人事安排真的是要夺取刘姓江山吗?四、诛吕之变究竟是怎么一回事,以及陈平在其中的作用;五、汉文帝如何以不被看好的实力收拾诛吕后的残局;六、德与欲:文帝的阴阳两面;七、景帝传位梁王和七国之乱的关系;八、景帝更换继承者的动机。 | |
| 461 | 0 | @12001 @a知汉系列@v02 |
| 606 | 0 | @a汉代@Ahan dai@x古代史@j通俗读物 |
| 690 | @aK234.09@v5 | |
| 701 | 0 | @a戴波@Adai bo@f(1980-)@4著 |
| 801 | 0 | @aCN@b百万庄@c20211018 |
| 905 | @b1311272-75@dK234.09@e117@f4 | |
| 帝国的阴阳两面/戴波著.-北京:中国文史出版社,2021 |
| 242页;21cm.-(知汉系列;02) |
| ISBN 978-7-5205-2373-8:CNY38.00 |
| 本书为《知汉系列》第二册,从刘邦去世讲到武帝即位前,围绕以下几个重点内容一边叙事普及,一边对历史文本中的相关谜团进行释疑。一、孝惠帝是否真的有那么“仁弱”和怠于政事;二、疑云重重的“白马之盟”究竟是真是伪;三、吕后的人事安排真的是要夺取刘姓江山吗?四、诛吕之变究竟是怎么一回事,以及陈平在其中的作用;五、汉文帝如何以不被看好的实力收拾诛吕后的残局;六、德与欲:文帝的阴阳两面;七、景帝传位梁王和七国之乱的关系;八、景帝更换继承者的动机。 |
| ● |
| 相关链接 |
|
|
|
|
正题名:帝国的阴阳两面
索取号:K234.09/117
 
预约/预借
| 序号 | 登录号 | 条形码 | 馆藏地/架位号 | 状态 | 备注 |
| 1 | 1311272 | 213112727 | 第二样本阅览室/ [索取号:K234.09/117] | 在馆 | |
| 2 | 1311273 | 213112736 | 第二借阅区/ [索取号:K234.09/117] | 在馆 | |
| 3 | 1311274 | 213112745 | 第二借阅区/ [索取号:K234.09/117] | 在馆 | |
| 4 | 1311275 | 213112754 | 第二借阅区/ [索取号:K234.09/117] | 在馆 |